Territoire ou région en conflit - Statistiques

Statistiques générales
  • Ce quiz a été pris 27 fois
  • Le résultat moyen est 9 sur 20
Statistiques - réponses
Pays en conflit Lieu du territoire Nom du Territoire / Région % Correct
Ukraine - Russie Péninsule Crimée
80%
Israël - Palestine Ville frontalière Jérusalem
80%
Serbie et 45 autres pays Pays difficilement reconnu Kosovo
80%
Maroc Territoire maghrébin Sahara Occidental
80%
Royaume-Uni - Espagne Territoire d'outre-mer Gibraltar
76%
France - Comores Océan Indien Mayotte
72%
Russie - Kazakhstan - Turkménistan - Iran - Azerbaïdjan Une mer Mer Caspienne
68%
Grèce - Turquie Mer intérieur du bassin méditerranéen Mer Égée
64%
Espagne - Maroc Enclave en Afrique Ceuta
60%
Royaume-Uni - Argentine Territoire d'outre-mer Iles Malouines
56%
Danemark - Irlande - Royaume-Uni - Islande Îles Océan Atlantique Îles Féroé
52%
France - Italie Frontière Montagneuse Massif du Mont Blanc
44%
France - Antigua et Barbuda Collectivité d'outre-mer Saint-Barthélemy
40%
Russie - États-Unis Zone de frontière Maritime Détroit de Béring
32%
Royaume-Uni - Argentine Territoire d'outre-mer Géorgie du Sud-et-les îles Sandwich du Sud
28%
Égypte - Soudan Frontière des 2 pays Bir Tawil
12%
Malaisie - Philippines Territoire au nord de l'île de Bornéo Sabah
8%
Soudan - Soudan du Sud Frontière des 2 pays Abiyé
0%
Ouganda - République Démocratique du Congo Frontière des 2 pays Lac Albert
0%
France - Vanuatu Ile d'océan Pacifique Sud L'île Hunter
0%
Aucun quiz correspondant
Distribution des résultats
% des personnes avec chaque résultat
Percentile par nombre de réponses
Votre historique - résultats
Vous n’avez pas pris ce quiz